Estland, Lettland oder Litauen? - Statistiken

Allgemein
  • Dieses Quiz wurde 103 mal gespielt
  • Das Durchschnittsergebnis liegt bei 7 aus 12
Antwortstatistiken
Frage Antwort % Korrekt
...das nur 2 verschiedene Farben in seiner Flagge beinhaltet. Lettland🇱🇻
92%
...dessen geographische Lage am südlichsten ist. Litauen🇱🇹
92%
...das an die wenigsten benachbarten Staaten grenzt. Estland🇪🇪
86%
...das am meisten Inseln besitzt. Estland🇪🇪
81%
...das sich über die geringste Fläche erstreckt. Estland🇪🇪
76%
...das über die größte Fläche verfügt. Litauen🇱🇹
73%
...das mehr als 2 Millionen Einwohner hat. Litauen🇱🇹
73%
...das durchschnittlich am meisten Alkohol konsumiert. Lettland🇱🇻
41%
...das das Pfandsystem erst 2022 und somit als letztes Land der baltischen Staaten eingeführt hat. Lettland🇱🇻
41%
...das noch nie den ESC gewonnen hat. Litauen🇱🇹
41%
...das das geringste Bruttoinlandsprodukt hat. Estland🇪🇪
27%
...dessen Flagge am längsten in Gebrauch ist. Lettland🇱🇻
24%
Keine übereinstimmenden Quizze gefunden
Verteilung der Resultate
Anzahl Personen mit jedem Resultat
Perzentil nach korrekt beantworteten Fragen
Ihre Resultats-Entwicklung
Sie haben dieses Quiz noch nicht gespielt